000 00675nam a2200229 a 4500
005 20140310183454.0
008 081204s19uu xx 00 eng d
020 _a9780071101387
050 _aHD 30.2
_b.H32 2006
100 _aHaag, Stephen
245 _aBusiness driven technology. /
_cStephen Haag
260 _aBoston :
_bMcGraw-Hill Irwin,
_c2009.
300 _a610 p. :
_bill. col. ;
_c26 cm.
521 _aBSBA
650 _aInformation technology
_xManagement.
650 _aManagement information systems.
650 _aInformation resources management.
700 _aBaltzan, Paige
700 _aPhillips, Amy
942 _cBK
_2lcc
_kFOR
999 _c23538
_d23538